| 000 | 00611cam a22002171 4500 | ||
|---|---|---|---|
| 001 | sa 67006847 | ||
| 003 | DLC | ||
| 005 | 20260227112411.0 | ||
| 008 | 940427s1966 ii 000 0 eng | ||
| 010 | _asa 67006847 | ||
| 035 | _a(OCoLC)30334412 | ||
| 040 |
_aDLC _cNcD _dDLC |
||
| 042 | _apremarc | ||
| 050 | 0 | 0 |
_aBJ1581 _b.A54 1966 |
| 100 | 1 |
_aAllen, James, _d1864-1912. |
|
| 245 | 1 | 4 | _aThe eight pillars of prosperity. |
| 250 | _a[1st ed.] | ||
| 260 |
_aTirunelveli, _bSouth India Saiva Siddhanta Works Pub. Society, Tinnevelly, _c1966. |
||
| 300 |
_aviii, 131 p. _c19 cm. |
||
| 650 | 0 | _aConduct of life. | |
| 999 |
_c76197 _d76197 |
||